|
|
|
|
| LEADER |
00000nam0a2200000 4500 |
| 001 |
225120 |
| 005 |
20231101230636.0 |
| 035 |
|
|
|a (RuTPU)RU\TPU\book\245453
|
| 090 |
|
|
|a 225120
|
| 100 |
|
|
|a 20121106d2004 k y0rusy50 ca
|
| 101 |
0 |
|
|a rus
|
| 102 |
|
|
|a RU
|
| 105 |
|
|
|a a z 001zy
|
| 200 |
1 |
|
|a Новые прогрессивные технологии добычи и переработки титан-циркониевых россыпей России
|f Е. Н. Левченко
|g Российская академия наук (РАН), Институт минералогии, геохимии и кристаллохимии редких элементов (ИМГРЭ)
|
| 210 |
|
|
|a Москва
|c Изд-во ИМГРЭ
|d 2004
|
| 215 |
|
|
|a 88 с.
|c ил.
|
| 320 |
|
|
|a Библиогр.: с. 85-86.
|
| 330 |
|
|
|a Проведен анализ состояния и проблем освоения минерально-сырьевой базы титана и циркония в России. Определение минералого-технологических факторов титан-циркониевых россыпей позволяет прогнозировать их обогатимосгь на ранних стадиях ГРР. С учетом сложности вещественного состава отечественных титан-циркониевых россыпей только усовершенствование методов их добычи и обогащения с использованием нового, эффективного оборудования позволит повысить их инвестиционную привлекательность.
|
| 606 |
1 |
|
|a Россыпные месторождения
|x Системы разработки
|2 stltpush
|3 (RuTPU)RU\TPU\subj\25388
|9 49561
|
| 610 |
1 |
|
|a титан-циркониевые россыпи
|
| 610 |
1 |
|
|a Россия
|
| 610 |
1 |
|
|a титан
|
| 610 |
1 |
|
|a цирконий
|
| 610 |
1 |
|
|a минерально-сырьевая база
|
| 610 |
1 |
|
|a освоение
|
| 610 |
1 |
|
|a добыча
|
| 610 |
1 |
|
|a обогащение
|
| 610 |
1 |
|
|a традиционные методы
|
| 610 |
1 |
|
|a прогрессивные методы
|
| 610 |
1 |
|
|a инвестиционная привлекательность
|
| 675 |
|
|
|a 622.34:622.27
|v 3
|
| 700 |
|
1 |
|a Левченко
|b Е. Н.
|
| 712 |
0 |
2 |
|a Российская академия наук (РАН)
|b Институт минералогии, геохимии и кристаллохимии редких элементов (ИМГРЭ)
|c (Москва)
|2 stltpush
|3 (RuTPU)RU\TPU\col\280
|
| 801 |
|
1 |
|a RU
|b 63413507
|c 20121106
|
| 801 |
|
2 |
|a RU
|b 63413507
|c 20150623
|g RCR
|
| 942 |
|
|
|c BK
|
| 959 |
|
|
|a 146/20121106
|d 1
|e 0
|f ЧЗТЛ:1
|